00959nam a2200241 a 4500001001000000003000500010005001700015008004100032010001100073011001100084040000900095100002900104245018600133260004100319500006000360502008600420650003000506650002600536650002500562650003500587700002500622856007000647000113819CHAP20220329144414.0170928s2017 mx sm |||||||spa d a110280 a111252 cCHAP1 aPérez Jiménez, Edith10aCaracterización del comportamiento térmico en los agroecosistemas cafetaleros del centro del Estado de Veracruzh[En línea]cpor Edith Pérez Jiménez e Isauro Herrera Nava. aChapingo, Méx. :bEl autor,c2017. aPara ver el contenido del material haga clic en la liga aTesis (Lic. en Redes Agrarias) -- UACH. Dirección General de Centros Regionales14aCaféxEfecto del clima.14aCaféxProducción.14aCaféxRendimiento.14aTemperaturaxEfecto en café. aHerrera Nava, Isauro aFinding aiduhttp://10.13.5.2/tesis/sist113819.pdfzTeclea aquí